Entrega de más de un millón de pesetas a un afortunado quinielista
Descripción Física:
Il·lustracions
Colección:
San Jorge,
; núm. 12 (octubre 1953), pàg 127-128
Idioma:
Español
MARC
| LEADER | 00000naa a2200000 a 4500 | ||
|---|---|---|---|
| 003 | Arxiu | ||
| 005 | 20260324181022.0 | ||
| 008 | 160829s1953 spcaxx s spa c | ||
| 040 | |a agdb | ||
| 245 | 0 | 0 | |a Entrega de más de un millón de pesetas a un afortunado quinielista |
| 300 | |b Il·lustracions | ||
| 490 | |a San Jorge, |v núm. 12 (octubre 1953), pàg 127-128 | ||
| 590 | |a El nom de la institució és: Organismo Nacional de Loterías y Apuestas del Estado. | ||
| 590 | |a El guanyador: Valentín Feixas Solé | ||
| 610 | 2 | 0 | |9 54552 |a Patronato de Apuestas Mutuas Deportivas Benéficas |
| 773 | |g Núm. 12 (octubre 1953), pàg 127-128 |t San Jorge. | ||
| 901 | |a Arxiu | ||
| 942 | |n 1 |2 udc |c ART | ||
| 952 | |0 0 |1 0 |4 0 |6 REV508 |7 1 |9 64542 |a Arxiu |b Arxiu |d 2022-12-01 |o Rev-508 |r 2022-12-01 00:00:00 |w 2022-12-01 |y ARXIU |z També disponible a Rev-522 | ||
| 999 | |c 43362 |d 43362 | ||